00960cam a2200265 a 4500999001900000001000900019005001700028008004100045020002500086020002500111040000800136082001800144100002400162245010300186260004300289300003300332504006400365650002400429650003000453650003100483650003200514700002600546942001200572952011000584 c531873d5318731499198720191029192707.0070901s2007 ilua b 001 0 eng  a9781932364316 (pbk.) a9781932364323 (hbk.) cDLC a307.1216bGAB1 aGaber, John.92500110aQualitative analysis for planning and policy :bbeyond the numbers /cJohn Gaber and Sharon Gaber. aChicago, IL :bPlanners Press,cc2007. aix, 166 p. :bill. ;c26 cm. aIncludes bibliographical references (p. 155-158) and index. 0aCity planning.9808 0aRegional planning.923371 0aLand usexPlanning.923435 0aQualitative research.915751 aGaber, Sharon.925002 2ddccBK 00102ddc4070aNITbNITd2019-10-29l1o307.1216 GABpNIT-12151r2020-01-13s2019-10-29w2019-10-29yBK